[Event "Olympiad-38"]
[Site "Dresden"]
[Date "2008.11.22"]
[Round "9"]
[White "Mateo, Ramon"]
[Black "Caruana, Fabiano"]
[Result "0-1"]
[WhiteElo "2488"]
[BlackElo "2640"]
[PlyCount "104"]
[EventDate "2008.11.13"]
[EventType "team-swiss"]
[EventRounds "11"]
[EventCountry "GER"]
[SourceTitle "CBM 128"]
[Source "ChessBase"]
[SourceDate "2009.01.28"]
[SourceVersion "1"]
[SourceVersionDate "2009.01.28"]
[SourceQuality "1"]
[WhiteTeam "Dominican Rep"]
[BlackTeam "Italy"]
[WhiteTeamCountry "DOM"]
[BlackTeamCountry "ITA"]

1. d4 Nf6 2. Nf3 e6 3. g3 b5 4. Bg2 Bb7 5. 0-0 c5 6. Nc3 a6 7. Bg5 h6 8. Bxf6 Qxf6 9. d5 b4 10. Ne4 Qxb2 11. c4 bxc3 12. Rb1 c2 13. Qd3 cxb1Q 14. Rxb1 Qxb1+ 15. Qxb1 Bxd5 16. Nc3 Bc6 17. Ne5 Bd6 18. Nxc6 Nxc6 19. Bxc6 dxc6 20. Ne4 Rd8 21. Qb7 0-0 22. Qxc6 Be7 23. Qxa6 Rd4 24. Qb7 Rb4 25. Qc6 Rbb8 26. Qa6 Rfd8 27. a4 Rbc8 28. Nd2 Ra8 29. Qc6 Rac8 30. Qa6 Ra8 31. Qc6 Rdc8 32. Qb7 Bf8 33. Nc4 Rcb8 34. Qc7 Rc8 35. Qb7 Rab8 36. Qd7 Rd8 37. Qc7 Rdc8 38. Qd7 Re8 39. a5 Re7 40. Qc6 Ra7 41. Kg2 Be7 42. Nb6 Rxa5 43. Qc7 Re8 44. Qc6 Rf8 45. e4 Ra2 46. e5 Rd8 47. Nc8 Bf8 48. g4 Rdd2 49. Qe8 Rxf2+ 50. Kg3 g5 51. Nd6 Rf4 52. h3 Raf2 0-1